000 00635nam a22001937a 4500
005 20251108175724.0
008 250721s2019 xx 000 0 ara d
082 1 4 _a595.75/ملا
100 1 _aالملاح، نبيل مصطفى
245 1 0 _aحشرات نصفية الأجنحة الضارة بالنباتات الاقتصادية /
264 1 _aعمان :
_bدار اليازوري،
_c2019.
300 _a372 ص.
650 1 7 _aالحشرات
650 1 7 _aالافات الحشرية
650 1 7 _aافات النبات
700 1 _aالملاح، نزار مصطفى
_eمؤلف
942 _2ddc
_cBK
999 _c140853
_d140853